| 000 | 00383nam a2200169Ia 4500 | ||
|---|---|---|---|
| 008 | 090123s9999 xx 000 0 und d | ||
| 082 | _b41372 | ||
| 100 | _aSHREE | ||
| 245 | _aSIVANANDALAHARI | ||
| 250 | _a0 | ||
| 260 |
_bSENTRAL CHINMAY MISSION TRUST _c1989 |
||
| 600 | _aSHREE | ||
| 630 | _aSIVANANDALAHARI | ||
| 700 | _aSHREE | ||
| 730 | _aSIVANANDALAHARI | ||
| 942 | _cBOOK | ||
| 999 |
_c79447 _d79447 |
||